Fly guy presents: (Record no. 62)

MARC details
000 -LEADER
fixed length control field 01917nam a22005297a 4500
001 - CONTROL NUMBER
control field 62
003 - CONTROL NUMBER IDENTIFIER
control field FISKH
005 - DATE AND TIME OF LATEST TRANSACTION
control field 20240712135636.0
008 - FIXED-LENGTH DATA ELEMENTS--GENERAL INFORMATION
fixed length control field 230221b cb ||||| |||| 00| 0 eng d
010 ## - LIBRARY OF CONGRESS CONTROL NUMBER
LC control number 2018420323
020 ## - INTERNATIONAL STANDARD BOOK NUMBER
International Standard Book Number 9781338217179
Qualifying information (paperback)
020 ## - INTERNATIONAL STANDARD BOOK NUMBER
International Standard Book Number 1338217178
Qualifying information (paperback)
020 ## - INTERNATIONAL STANDARD BOOK NUMBER
International Standard Book Number 9781544405506
Qualifying information (library binding)
020 ## - INTERNATIONAL STANDARD BOOK NUMBER
International Standard Book Number 1544405502
Qualifying information (library binding)
035 ## - SYSTEM CONTROL NUMBER
System control number (OCoLC)on1002820830
040 ## - CATALOGING SOURCE
Original cataloging agency YDX
Language of cataloging eng
Transcribing agency YDX
Description conventions rda
Modifying agency BDX
-- OCO
-- JAO
-- FMA
-- TXMIN
-- OCLCF
-- GK8
-- UAP
-- NYP
-- IGA
-- OCLCQ
-- OCLCO
-- DLC
-- FISKH
042 ## - AUTHENTICATION CODE
Authentication code lccopycat
050 00 - LIBRARY OF CONGRESS CALL NUMBER
Classification number HV7922
Item number .A765 2018
082 04 - DEWEY DECIMAL CLASSIFICATION NUMBER
Classification number 363.2
Edition number 23
100 1# - MAIN ENTRY--PERSONAL NAME
Personal name Arnold, Tedd,
Relator term author,
-- illustrator.
245 10 - TITLE STATEMENT
Title Fly guy presents:
Remainder of title Police officers /
Statement of responsibility, etc. Tedd Arnold.
260 ## - PUBLICATION, DISTRIBUTION, ETC.
Place of publication, distribution, etc. New York:
Name of publisher, distributor, etc. Scholastic,
Date of publication, distribution, etc. 2018
300 ## - PHYSICAL DESCRIPTION
Extent 28 unnumbered pages :
Other physical details illustrations ;
Dimensions 23 cm
336 ## - CONTENT TYPE
Content type term text
Content type code txt
Source rdacontent
336 ## - CONTENT TYPE
Content type term still image
Content type code sti
Source rdacontent
337 ## - MEDIA TYPE
Media type term unmediated
Media type code n
Source rdamedia
338 ## - CARRIER TYPE
Carrier type term volume
Carrier type code nc
Source rdacarrier
490 1# - SERIES STATEMENT
Series statement Fly Guy presents
490 1# - SERIES STATEMENT
Series statement Scholastic reader. Level 2
505 ## - FORMATTED CONTENTS NOTE
Formatted contents note R
520 ## - SUMMARY, ETC.
Summary, etc. Fly Guy and Buzz visit a police station and learn about police officers and what they do.
521 0# - TARGET AUDIENCE NOTE
Target audience note 700 <br/>
Source Lexile<br/>
521 2# - TARGET AUDIENCE NOTE
Target audience note R<br/><br/>
Source Raz-Plus <br/>
650 #0 - SUBJECT ADDED ENTRY--TOPICAL TERM
Topical term or geographic name entry element Police
Form subdivision Juvenile literature.
650 #0 - SUBJECT ADDED ENTRY--TOPICAL TERM
Topical term or geographic name entry element Illustrated children's books.
650 #1 - SUBJECT ADDED ENTRY--TOPICAL TERM
Topical term or geographic name entry element Police.
650 #7 - SUBJECT ADDED ENTRY--TOPICAL TERM
Topical term or geographic name entry element JUVENILE NONFICTION
General subdivision Careers.
Source of heading or term bisacsh
650 #7 - SUBJECT ADDED ENTRY--TOPICAL TERM
Topical term or geographic name entry element JUVENILE NONFICTION
General subdivision Law & Crime.
Source of heading or term bisacsh
650 #7 - SUBJECT ADDED ENTRY--TOPICAL TERM
Topical term or geographic name entry element JUVENILE NONFICTION
General subdivision Reader
-- Beginner.
Source of heading or term bisacsh
650 #7 - SUBJECT ADDED ENTRY--TOPICAL TERM
Topical term or geographic name entry element Police.
Source of heading or term fast
Authority record control number or standard number (OCoLC)fst01068398
655 #7 - INDEX TERM--GENRE/FORM
Genre/form data or focus term Juvenile works.
Source of term fast
Authority record control number or standard number (OCoLC)fst01411637
655 #7 - INDEX TERM--GENRE/FORM
Genre/form data or focus term Readers (Publications)
Source of term fast
Authority record control number or standard number (OCoLC)fst01919959
655 #7 - INDEX TERM--GENRE/FORM
Genre/form data or focus term Readers (Publications)
Source of term lcgft
800 1# - SERIES ADDED ENTRY--PERSONAL NAME
Personal name Arnold, Tedd.
Title of a work Fly Guy presents--
906 ## - LOCAL DATA ELEMENT F, LDF (RLIN)
a 7
b cbc
c copycat
d 2
e ncip
f 20
g y-gencatlg
942 ## - ADDED ENTRY ELEMENTS (KOHA)
Source of classification or shelving scheme Dewey Decimal Classification
Koha item type Books
Suppress in OPAC No
Holdings
Withdrawn status Lost status Source of classification or shelving scheme Damaged status Not for loan Collection Home library Current library Shelving location Date acquired Total Checkouts Full call number Barcode Date last seen Date last checked out Copy number Price effective from Koha item type
    Dewey Decimal Classification     Non-Fiction Footprints International School Library Network Toul Kork Campus Footprints International School Library Network Toul Kork Campus TK Primary Library Room(4th Floor), Bookcase 5&6, Shelves 33-56, Orange Books 07/12/2024 2 ARN 363.2 HV7922.A765 FISBT00090 03/26/2026 03/19/2026 1 07/12/2024 Books
    Dewey Decimal Classification     Non-Fiction Footprints International School Library Network Toul Kork Campus Footprints International School Library Network Toul Kork Campus TK Primary Library Room(4th Floor), Bookcase 5&6, Shelves 33-56, Orange Books 07/12/2024   ARN 363.2 HV7922.A765 2024-0937 07/12/2024   2 07/12/2024 Books
    Dewey Decimal Classification     Non-Fiction Footprints International School Library Network Toul Kork Campus Footprints International School Library Network Toul Kork Campus TK Primary Library Room(4th Floor), Bookcase 5&6, Shelves 33-56, Orange Books 09/06/2024   ARN 363.2 HV7922.A765 FISBK02819 09/06/2024   3 09/06/2024 Books